Thị trường địa ốc : Phụ trương thông tin quản cáo của Thời báo Kinh tế Sài Gòn Số 20 (246)
Nội dung số này trình bày: times city tiếp tục cháo bán căn hộ, 70% căn hộ vinhomes Nguyễn Chi Thanh đã có chủ, Savills quản lý giai đoạn 1A dự án Riviera Point, MIK hợp tác với Hòa Bình phát triển The Park Residence,...
Wedi'i Gadw mewn:
| Fformat: | Llyfr |
|---|---|
| Iaith: | Vietnamese |
| Cyhoeddwyd: |
Tp. Hồ Chí Minh
Uỷ ban nhân dân Tp. Hồ Chí Minh
2014
|
| Pynciau: | |
| Tagiau: |
Ychwanegu Tag
Dim Tagiau, Byddwch y cyntaf i dagio'r cofnod hwn!
|
| Thư viện lưu trữ: | Thư viện Trường Đại học Nam Cần Thơ |
|---|
| LEADER | 01140nam a22002057a 4500 | ||
|---|---|---|---|
| 001 | NCT_134080 | ||
| 008 | 220310b xxu||||| |||| 00| 0 vie d | ||
| 999 | |c 6908 |d 6908 | ||
| 041 | 0 | |a vie | |
| 082 | 0 | 4 | |2 23rd ed. |a 333.33 |b Th300T |
| 245 | 0 | 0 | |a Thị trường địa ốc : |b Phụ trương thông tin quản cáo của Thời báo Kinh tế Sài Gòn |n Số 20 (246) |c Uỷ ban nhân dân Tp. Hồ Chí Minh |
| 260 | |a Tp. Hồ Chí Minh |b Uỷ ban nhân dân Tp. Hồ Chí Minh |c 2014 | ||
| 300 | |c 29cm | ||
| 310 | |a 1 tháng 2 kỳ | ||
| 362 | |a 11/2014 | ||
| 520 | 3 | |a Nội dung số này trình bày: times city tiếp tục cháo bán căn hộ, 70% căn hộ vinhomes Nguyễn Chi Thanh đã có chủ, Savills quản lý giai đoạn 1A dự án Riviera Point, MIK hợp tác với Hòa Bình phát triển The Park Residence,... | |
| 655 | |a Tạp chí | ||
| 942 | |2 ddc |c CR | ||
| 952 | |0 0 |1 0 |2 ddc |4 0 |6 333_330000000000000_TH300T |7 0 |9 24800 |a 000001 |b 000001 |d 2022-06-01 |o 333.33 Th300T |r 2022-06-01 |w 2022-06-01 |y CR | ||
| 980 | |a Thư viện Trường Đại học Nam Cần Thơ | ||